000 00988cam a2200289 i 4500
001 30148
003 Mx-PuUPA
005 20260309113341.0
008 140415s1966 mx a gr 000 0 spa d
040 _aMx-PuUPA
_bspa
_cMx-PuUPA
_dMx-PuUPA
_erda
041 _aspa
100 1 _aBehrens, Helen,
_d1888-
_eautor
_917799
245 _aThe virgin and the serpent god /
_cBy Helen Behrens
250 _aFirst edition
264 1 _aMéxico, D.F.:
_bEditorial Progreso,
_c1966
300 _a206 páginas, 7 paginas sin numerar :
_bilustraciones (en blanco y negro) ;
_c23 cm
336 _2rdacontent
_atexto
_btxt
336 _2rdacontent
_aimagen fija
_bsti
337 _2rdamedia
_asin medio
_bn
338 _2rdacarrier
_avolumen
_bnc
600 0 4 _aNuestra Señora de Guadalupe
650 7 _913986
_2armarc
_aAztecas
_xReligión
651 4 _aMéxico
_xHistoria
_xConquista
_y1519-1540
942 _2ddc
_cLI
_h232.917
_iB45
999 _c30148
_d30148